banner-ar

السعادة : (Record no. 60996)

MARC details
000 -الفاتح
حقل البيانات ثابتة الطول 01165nam a22002657a 4500
005 - وقت وتاريخ اخر تعامل مع التسجيلة
رقم الضبط 20240530110438.0
008 - عناصر البيانات ثابتة الطول - معلومات عامة
حقل البيانات ثابتة الطول 150415s2011 ua g 000 0dara d
017 ## - رقم الايداع القانونى
رقم الايداع القانونى 2011/13347
المصدر ( الهيئة المختصة) مصر . دار الكتب المصرية
020 ## - الرقم الدولى المعيارى للكتب
الرقم الدولى المعيارى للكتاب 9789774219303
040 ## - مصدر الفهرسة
وكالة الفهرسة الأصلية EG-CaGPL
082 04 - رقم تصنيف ديوى العشرى
رقم الطبعة 21
رقم التصنيف 158\
رقم المادة د س
100 1# - المدخل الرئيسى - إسم شخصى
الإسم الشخصى داينر ، اد
الشكل الأكمل للاسم اد داينر
245 12 - بيان العنوان
العنوان السعادة :
بقية العنوان كشف اسرار الثروة النفسية
بيان المسئوليه,etc تاليف اد داينر ، روبرت بيزواس - داينر ؛ ترجمة مها بكير ؛ مراجعة معتز سيد عبدالله
260 ## - PUBLICATION, DISTRIBUTION, ETC. (IMPRINT)
تاريخ النشر أو التوزيع 2011 .
300 ## - الوصف المادى
التعداد 313 ص ؛
أبعاد الوعاء 24 سم
490 0# - بيان السلسلة
عنوان السلسلة المشروع القومى للترجمة ؛
رقم المجلد/ التعيين التسلسلي 1866
650 04 - المدخل الاضافى بالموضوع-مصطلح موضوعى
مصطلح موضوعي السعادة
650 04 - المدخل الاضافى بالموضوع-مصطلح موضوعى
مصطلح موضوعي السعادة
التقسيم الفرعي العام اسباب
650 04 - المدخل الاضافى بالموضوع-مصطلح موضوعى
مصطلح موضوعي السعادة
التقسيم الفرعي العام علم النفس
700 1# - المدخل الاضافى - اسم شخصى
الإسم الشخصى داينر ، روبرت بيزواس
الدور مؤلف مشارك
الشكل الأكمل للاسم روبرت بيزواس
700 0# - المدخل الاضافى - اسم شخصى
الإسم الشخصى مها بكير
الدور مترجم
700 0# - المدخل الاضافى - اسم شخصى
الإسم الشخصى معتز سيد عبدالله
الدور مراجع
942 ## - عناصر المدخل الإضافي( كوها)
مصدر التصنيف او مخطط الترفيف Dewey Decimal Classification
Koha [default] item type كتاب
260 ## - PUBLICATION, DISTRIBUTION, ETC. (IMPRINT)
-- القاهرة :
-- المركز القومى للترجمة ،
Holdings
حالة التراجع حالة الفقد حالة تلف ليس للاعارة المكان المؤقت الموقع الحالى تاريخ الاكتساب اجمالي اﻻعارات رقم الطلب الباركود تاريخ اخر مشاهدة تاريخ تفعيل السعر نوع وعاء كوها
        مكتبة القاهرة الكبرى مكتبة القاهرة الكبرى 04/15/2015   158\ د س 160192 04/15/2015 04/15/2015 كتاب

Powered By

EGPV